<?xml version="1.0" encoding="UTF-8"?>
<record
    xmlns:xsi="http://www.w3.org/2001/XMLSchema-instance"
    xsi:schemaLocation="http://www.loc.gov/MARC21/slim http://www.loc.gov/standards/marcxml/schema/MARC21slim.xsd"
    xmlns="http://www.loc.gov/MARC21/slim">

  <leader>00735nam0a22002291  4500</leader>
  <controlfield tag="001">rc\2670724</controlfield>
  <controlfield tag="005">20250529195516.0</controlfield>
  <datafield tag="035" ind1=" " ind2=" ">
    <subfield code="a">(NLR Aleph) 006976999</subfield>
  </datafield>
  <datafield tag="090" ind1=" " ind2=" ">
    <subfield code="a">5496864</subfield>
    <subfield code="c">5496864</subfield>
  </datafield>
  <datafield tag="100" ind1=" " ind2=" ">
    <subfield code="a">20110621d1927    |||y0rusy50      ca</subfield>
  </datafield>
  <datafield tag="101" ind1="0" ind2=" ">
    <subfield code="a">rus</subfield>
  </datafield>
  <datafield tag="102" ind1=" " ind2=" ">
    <subfield code="a">RU</subfield>
  </datafield>
  <datafield tag="105" ind1=" " ind2=" ">
    <subfield code="a">y   z   |||||</subfield>
  </datafield>
  <datafield tag="200" ind1="1" ind2=" ">
    <subfield code="a">&#x427;&#x442;&#x43E; &#x43D;&#x430;&#x434;&#x43E; &#x437;&#x43D;&#x430;&#x442;&#x44C; &#x43E; &#x43F;&#x440;&#x43E;&#x438;&#x437;&#x432;&#x43E;&#x434;&#x441;&#x442;&#x432;&#x435;&#x43D;&#x43D;&#x44B;&#x445; &#x441;&#x43E;&#x432;&#x435;&#x449;&#x430;&#x43D;&#x438;&#x44F;&#x445;</subfield>
  </datafield>
  <datafield tag="210" ind1=" " ind2=" ">
    <subfield code="a">&#x425;&#x430;&#x440;&#x44C;&#x43A;&#x43E;&#x432;</subfield>
    <subfield code="a">&#x410;&#x440;&#x442;&#x435;&#x43C;&#x43E;&#x432;&#x441;&#x43A;</subfield>
    <subfield code="c">&#x423;&#x43A;&#x440;&#x430;&#x438;&#x43D;&#x441;&#x43A;&#x438;&#x439; &#x440;&#x430;&#x431;&#x43E;&#x447;&#x438;&#x439;</subfield>
    <subfield code="c">&#x423;&#x43A;&#x440;. &#x440;&#x430;&#x431;.</subfield>
    <subfield code="d">1927</subfield>
  </datafield>
  <datafield tag="215" ind1=" " ind2=" ">
    <subfield code="a">96 &#x441;.</subfield>
    <subfield code="d">14&#xD7;11 &#x441;&#x43C;</subfield>
    <subfield code="e">[1] &#x441;. "&#x441;&#x43E;&#x434;&#x435;&#x440;&#x436;&#x430;&#x43D;&#x438;&#x44F;" &#x43D;&#x430; &#x43E;&#x431;&#x43B;.</subfield>
  </datafield>
  <datafield tag="700" ind1=" " ind2="1">
    <subfield code="a">&#x428;&#x443;&#x43B;&#x44C;&#x43C;&#x430;&#x43D;</subfield>
    <subfield code="b">&#x411;.</subfield>
  </datafield>
  <datafield tag="801" ind1=" " ind2="0">
    <subfield code="a">RU</subfield>
    <subfield code="b">NLR</subfield>
    <subfield code="g">psbo</subfield>
  </datafield>
  <datafield tag="801" ind1=" " ind2="1">
    <subfield code="a">RU</subfield>
    <subfield code="b">ELAR</subfield>
    <subfield code="2">rusmarc</subfield>
  </datafield>
  <datafield tag="852" ind1=" " ind2=" ">
    <subfield code="a">NLR</subfield>
    <subfield code="j">62/3471</subfield>
  </datafield>
  <datafield tag="942" ind1=" " ind2=" ">
    <subfield code="c">BOOK</subfield>
  </datafield>
  <datafield tag="980" ind1=" " ind2=" ">
    <subfield code="a">NB</subfield>
  </datafield>
  <datafield tag="995" ind1=" " ind2=" ">
    <subfield code="5">2013-10-26</subfield>
    <subfield code="b">NLR02</subfield>
    <subfield code="c">NLR02</subfield>
    <subfield code="e">RFS</subfield>
    <subfield code="f">6976999-10</subfield>
    <subfield code="k">62/3471</subfield>
    <subfield code="o">0</subfield>
    <subfield code="r">BOOK</subfield>
    <subfield code="s">623471_</subfield>
  </datafield>
</record>
